[Event "OLNW 1718 Bremer SG - SC Tempo Götting"]
[Site "?"]
[Date "2018.01.21"]
[Round "5.2"]
[White "Hundack, Rolf"]
[Black "Kyas, Marcel"]
[Result "0-1"]
[WhiteElo "2102"]
[BlackElo "2192"]
[PlyCount "98"]
[EventDate "2018.??.??"]

1. c4 e5 2. Nc3 Nc6 3. e4 Bc5 4. d3 d6 5. Nf3 Bg4 6. Be2 Nge7 7. h3 Bxf3 8.
Bxf3 Nd4 9. Be3 O-O 10. O-O a6 11. Bg4 Kh8 12. Ne2 Nxe2+ 13. Qxe2 Nc6 14. Kh1
Qe7 15. Rab1 a5 16. g3 f6 17. h4 a4 18. Kg2 b6 19. h5 a3 20. b3 Rae8 21. Rh1
Nb4 22. Bf5 Kg8 23. Rh4 c6 24. Rbh1 d5 25. Qg4 Bxe3 26. fxe3 Nc2 27. Qe2 Nb4
28. Qg4 Nc2 29. Kf2 Qc5 30. Qe2 Nb4 31. Kg2 dxc4 32. bxc4 Rd8 33. Rd1 Rd6 34.
Rd2 Rfd8 35. h6 g5 36. Qh5 Rf8 37. Re2 Rxd3 38. Rg4 Qe7 39. Qh1 Rfd8 40. Qc1 c5
41. Kf3 Qd6 42. Qh1 Rd2 43. Qh5 Qe7 44. Qh2 Rxe2 45. Qxe2 Qd6 46. Kf2 Qd2 47.
Be6+ Kf8 48. Bd5 Qxe2+ 49. Kxe2 Nxa2 0-1

[Event "OLNW 1718 Bremer SG - SC Tempo Götting"]
[Site "?"]
[Date "2018.01.21"]
[Round "5.3"]
[White "Schmidt, Alexander"]
[Black "Issing, Peter"]
[Result "0-1"]
[WhiteElo "2108"]
[BlackElo "2180"]
[PlyCount "102"]
[EventDate "2018.??.??"]

1. e4 d6 2. d4 Nf6 3. Nc3 e5 4. Nf3 Nbd7 5. Be2 Be7 6. h3 a6 7. a4 b6 8. O-O
O-O 9. Re1 Bb7 10. Bf1 Re8 11. g3 Bf8 12. Bg2 c6 13. Bg5 Qc7 14. Qd3 h6 15. Be3
Rad8 16. Nh4 b5 17. f4 b4 18. Ne2 exd4 19. Bxd4 c5 20. Bxf6 Nxf6 21. Nc1 d5 22.
e5 c4 23. Qf3 Ne4 24. Kh2 Qc8 25. g4 Bc5 26. Nf5 f6 27. exf6 Nxf6 28. Ne2 Qc7
29. Ned4 Ne4 30. c3 bxc3 31. bxc3 Bc8 32. Kh1 Rf8 33. Ra2 Bxd4 34. Nxd4 Rxf4
35. Qe3 Rdf8 36. Rb2 Kh8 37. Reb1 Rf2 38. Kg1 Rxb2 39. Rxb2 Nf6 40. Rb4 Re8 41.
Qf3 Qe5 42. Rb6 Qg5 43. Qg3 Qd2 44. Rb8 Bd7 45. Rxe8+ Bxe8 46. Qe5 Qxc3 47. a5
Bg6 48. Kh2 Kh7 49. Bf3 Qd2+ 50. Kg3 Ne4+ 51. Bxe4 Qe3+ 0-1

[Event "OLNW 1718 Bremer SG - SC Tempo Götting"]
[Site "?"]
[Date "2018.01.21"]
[Round "5.4"]
[White "Juhnke, Karl"]
[Black "Holloway, Timo"]
[Result "1/2-1/2"]
[WhiteElo "2141"]
[BlackElo "2108"]
[PlyCount "127"]
[EventDate "2018.??.??"]

1. d4 Nf6 2. c4 e6 3. Nc3 Bb4 4. e3 b6 5. Nge2 Ba6 6. Ng3 O-O 7. Qc2 d5 8. cxd5
Bxf1 9. Kxf1 exd5 10. Bd2 c5 11. a3 Bxc3 12. Bxc3 c4 13. f3 Nc6 14. Kf2 b5 15.
Rhe1 a5 16. Re2 b4 17. Be1 Qb6 18. a4 b3 19. Qb1 Nb4 20. Bc3 Rfe8 21. h3 Nc2
22. Rxc2 bxc2 23. Qxc2 Re6 24. Qd2 h5 25. Nf1 Qc7 26. Kg1 Ne8 27. Qf2 Nd6 28.
Qh4 g6 29. Qg5 Nf5 30. Kf2 Rae8 31. Re1 Kh7 32. g3 f6 33. Qf4 Qxf4 34. gxf4 g5
35. fxg5 fxg5 36. Bxa5 Ra6 37. Bc3 Rxa4 38. e4 dxe4 39. fxe4 Nh4 40. Nd2 Rf8+
41. Ke2 Ng2 42. Rh1 Kg6 43. d5 g4 44. hxg4 hxg4 45. Rg1 Nf4+ 46. Ke3 Kh5 47. d6
Ne6 48. Rh1+ Kg5 49. Be5 Nc5 50. Bg3 Rf7 51. Bh4+ Kg6 52. Be7 c3 53. bxc3 Ne6
54. Rh4 Rh7 55. Rxg4+ Kf7 56. Rg3 Ra3 57. Rf3+ Ke8 58. Bf6 Kd7 59. Nc4 Ra1 60.
Bd4 Re1+ 61. Kd3 Rd1+ 62. Ke3 Re1+ 63. Kd3 Rd1+ 64. Ke3 1/2-1/2

[Event "OLNW 1718 Bremer SG - SC Tempo Götting"]
[Site "?"]
[Date "2018.01.21"]
[Round "5.5"]
[White "Liebig, Stefan"]
[Black "Krajina, Davor"]
[Result "0-1"]
[WhiteElo "2107"]
[BlackElo "2245"]
[PlyCount "222"]
[EventDate "2018.??.??"]

1. Nf3 d5 2. b4 Nf6 3. e3 e6 4. a3 Be7 5. Bb2 Nbd7 6. d4 a5 7. b5 Nb6 8. Ne5
Nfd7 9. Nd2 Nxe5 10. dxe5 Bd7 11. Qg4 O-O 12. Bd3 Qe8 13. a4 c6 14. Bd4 f5 15.
Qd1 c5 16. Bb2 c4 17. Be2 Bc5 18. O-O Qe7 19. Bd4 Bxd4 20. exd4 Qb4 21. c3 Qxc3
22. Nf3 Qb4 23. Qc2 Be8 24. Ng5 Qe7 25. f4 h6 26. Nh3 Kh7 27. Qc3 Rg8 28. Bd1
Bd7 29. Ra2 g6 30. Rb2 Rg7 31. Kh1 Be8 32. Rb1 Bf7 33. Rb2 Nd7 34. Bc2 b6 35.
Rbb1 Kh8 36. Nf2 Rag8 37. Qh3 Rh7 38. g4 Nf8 39. Rg1 Nd7 40. Rg2 Qf8 41. Nd1
Be8 42. Nf2 Rf7 43. g5 Rh7 44. gxh6 Qxh6 45. Qxh6 Rxh6 46. Rf1 Rh4 47. Nd1 g5
48. Ne3 gxf4 49. Rxg8+ Kxg8 50. Ng2 Rg4 51. Nxf4 Nf8 52. Bd1 Rg7 53. Rf2 Bf7
54. Be2 Nh7 55. h4 Nf8 56. Kh2 Kh7 57. Bd1 Kh6 58. Rf1 Be8 59. Kh3 Rc7 60. Rg1
Bf7 61. Be2 Ng6 62. Ng2 c3 63. Rc1 c2 64. Kg3 Rc3+ 65. Kf2 f4 66. h5 Ne7 67.
Nxf4 Nf5 68. Bd3 Kg5 69. Bxf5 Kxf5 70. Ne2 Rc4 71. h6 Kg6 72. Ke3 Kxh6 73. Kd2
Bh5 74. Nc3 Rxd4+ 75. Kxc2 Bg6+ 76. Kb3 Bd3 77. Nd1 Bc4+ 78. Kc2 Re4 79. Nb2
Kg5 80. Rg1+ Kf5 81. Rg8 Kxe5 82. Rb8 Kd4 83. Nxc4 dxc4 84. Rxb6 Re2+ 85. Kd1
Ra2 86. Rxe6 Rxa4 87. b6 Rb4 88. Kc2 a4 89. Rh6 a3 90. Rh4+ Kc5 91. Rh3 Rb2+
92. Kc1 Rxb6 93. Rxa3 Rg6 94. Ra8 Kd4 95. Rh8 Rg1+ 96. Kc2 Rg2+ 97. Kc1 Kc3 98.
Rh3+ Kb4 99. Rh8 Kb3 100. Rb8+ Kc3 101. Kb1 Rg1+ 102. Ka2 Kc2 103. Rb2+ Kd3
104. Rb8 c3 105. Rd8+ Kc2 106. Rh8 Rd1 107. Rc8 Rd7 108. Ka3 Ra7+ 109. Kb4 Kb2
110. Kc4 c2 111. Rb8+ Ka1 0-1

[Event "OLNW 1718 Bremer SG - SC Tempo Götting"]
[Site "?"]
[Date "2018.01.21"]
[Round "5.6"]
[White "Giel, Olaf"]
[Black "Markgraf, Stefan"]
[Result "1-0"]
[WhiteElo "2149"]
[BlackElo "2088"]
[PlyCount "67"]
[EventDate "2018.??.??"]

1. d4 Nf6 2. Nf3 e6 3. Bg5 Be7 4. Nbd2 d5 5. e3 c5 6. c3 b6 7. Ne5 O-O 8. Bd3
Bb7 9. O-O Nbd7 10. f4 Ne4 11. Bxe7 Qxe7 12. Rf3 f5 13. Nxd7 Qxd7 14. Rh3 Nxd2
15. Qxd2 a5 16. Kf2 Ba6 17. g4 g6 18. Rg1 Bxd3 19. Qxd3 fxg4 20. Rxg4 Rf5 21.
e4 dxe4 22. Qxe4 Raf8 23. Re3 cxd4 24. cxd4 R8f6 25. Kg3 Kg7 26. Rc3 Rd5 27.
Rd3 Qd6 28. h4 Rdf5 29. Rf3 Qb4 30. Rb3 Qd2 31. Rxb6 h5 32. Rb7+ Kh6 33. Rg5
Rxf4 34. Rxh5+ 1-0

[Event "OLNW 1718 Bremer SG - SC Tempo Götting"]
[Site "?"]
[Date "2018.01.21"]
[Round "5.7"]
[White "Petzold, Lutz Lukas"]
[Black "Peters, Frank"]
[Result "1-0"]
[WhiteElo "2232"]
[BlackElo "2099"]
[PlyCount "59"]
[EventDate "2018.??.??"]

1. e4 g6 2. d4 Bg7 3. Nf3 d6 4. Bc4 Nf6 5. Qe2 c6 6. Bb3 O-O 7. O-O Qc7 8. Nc3
e5 9. dxe5 dxe5 10. a4 Na6 11. Be3 Ng4 12. Bc4 Nxe3 13. Qxe3 Qe7 14. Bxa6 bxa6
15. Rad1 a5 16. Rd2 Re8 17. Rfd1 Bf8 18. h3 Rb8 19. b3 Qc7 20. Rd3 f6 21. Nh2
Be7 22. Ng4 Rd8 23. Rxd8+ Bxd8 24. Qc5 Be6 25. Rd6 Be7 26. Rxc6 Qd7 27. Nd5
Bxc5 28. Ngxf6+ Kf7 29. Nxd7 Bxd7 30. Rxc5 1-0

[Event "OLNW 1718 Bremer SG - SC Tempo Götting"]
[Site "?"]
[Date "2018.01.21"]
[Round "5.8"]
[White "Rust-Lux, Klaus"]
[Black "Tietze, Manfred"]
[Result "1-0"]
[WhiteElo "2061"]
[BlackElo "1872"]
[PlyCount "45"]
[EventDate "2018.??.??"]

1. Nf3 b6 2. g3 Bb7 3. Bg2 Nf6 4. O-O e6 5. d3 Be7 6. e4 d6 7. Re1 e5 8. Nh4
O-O 9. Nf5 c5 10. Nc3 Re8 11. f4 Bf8 12. Rf1 a6 13. fxe5 dxe5 14. Bg5 Nbd7 15.
Nd5 Re6 16. Bh3 Rc6 17. Nh6+ gxh6 18. Bxd7 hxg5 19. Bxc6 Bxc6 20. Nxf6+ Kh8 21.
Qh5 h6 22. Qxf7 Bg7 23. Qg6 1-0

[Event "OLNW 1718 SF Hannover - SC Tempo Götti"]
[Site "?"]
[Date "2018.02.04"]
[Round "6.1"]
[White "Armbrust, Florian"]
[Black "Schirm, Friedmar"]
[Result "1/2-1/2"]
[WhiteElo "2320"]
[BlackElo "2270"]
[PlyCount "24"]
[EventDate "2018.??.??"]

1. e4 e5 2. Nf3 Nc6 3. Bb5 a6 4. Bxc6 dxc6 5. O-O Bg4 6. h3 h5 7. c3 Qd3 8.
hxg4 hxg4 9. Nxe5 Bd6 10. Nxd3 Bh2+ 11. Kh1 Bd6+ 12. Kg1 Bh2+ 1/2-1/2

[Event "OLNW 1718 SF Hannover - SC Tempo Götti"]
[Site "?"]
[Date "2018.02.04"]
[Round "6.2"]
[White "Ackermann, Dennie"]
[Black "Petzold, Golo"]
[Result "0-1"]
[WhiteElo "2158"]
[BlackElo "2259"]
[PlyCount "94"]
[EventDate "2018.??.??"]

1. b3 d5 2. Bb2 Bg4 3. f3 Bf5 4. e3 Nd7 5. Nc3 c6 6. Qe2 e5 7. O-O-O Qa5 8. Kb1
O-O-O 9. g4 Be6 10. f4 f6 11. h4 Bd6 12. Bh3 Ne7 13. Nf3 Rhf8 14. Rdf1 Rde8 15.
fxe5 fxe5 16. Rf2 h6 17. h5 Rf7 18. Rhf1 Ref8 19. Nd1 Qd8 20. Nh4 Rxf2 21. Rxf2
Rxf2 22. Qxf2 Qf8 23. Nf3 Kc7 24. d4 e4 25. Ne5 Qxf2 26. Nxf2 Nxe5 27. dxe5 Bc5
28. Nd1 g6 29. hxg6 Nxg6 30. Kc1 Kd7 31. Kd2 Bb6 32. Ke2 Bc7 33. Nf2 Bxe5 34.
Ba3 Bf6 35. Bb4 Bh4 36. Bc3 Ke7 37. a4 Bf6 38. Bb4+ Kf7 39. Nd1 Ne5 40. Nf2 Nf3
41. Kf1 Bg5 42. Nd1 Bxg4 43. Bxg4 Nh2+ 44. Ke2 Nxg4 45. Bd2 h5 46. c3 Ke6 47.
Ke1 c5 0-1

[Event "OLNW 1718 SF Hannover - SC Tempo Götti"]
[Site "?"]
[Date "2018.02.04"]
[Round "6.5"]
[White "Liebig, Stefan"]
[Black "Kaimer, Thomas"]
[Result "1/2-1/2"]
[WhiteElo "2101"]
[BlackElo "2175"]
[PlyCount "222"]
[EventDate "2018.??.??"]

1. Nf3 Nf6 2. b4 c6 3. e3 d5 4. Bb2 Bg4 5. c4 e6 6. a3 Be7 7. d4 O-O 8. Nbd2
Nbd7 9. Bd3 Re8 10. O-O Bd6 11. Qc2 e5 12. cxd5 Bxf3 13. gxf3 cxd5 14. Kh1 Qe7
15. Rg1 Rac8 16. Qb3 Bb8 17. Rg2 Qe6 18. Rag1 g6 19. Rg5 e4 20. fxe4 Nxe4 21.
Nxe4 dxe4 22. Qxe6 Rxe6 23. Bb1 Nb6 24. Rc5 Rce8 25. Bc2 Bd6 26. Ra5 Nc4 27. d5
R6e7 28. Bf6 Nxa5 29. Bxe7 Rxe7 30. bxa5 Bxa3 31. Rb1 Kg7 32. Kg2 f5 33. Rb3
Bd6 34. h3 Kf6 35. f4 exf3+ 36. Kxf3 Ke5 37. e4 fxe4+ 38. Bxe4 Bc5 39. Bb1 Kxd5
40. Ba2 Kc6 41. Bb1 Kd5 42. Ba2 Kd4 43. Bb1 Kc4 44. Ba2 Bb4 45. a6 bxa6 46.
Re3+ Kd4 47. Rb3 a5 48. Rb2 Re3+ 49. Kg2 Rd3 50. Bg8 h5 51. Rb1 h4 52. Be6 Ke3
53. Bf7 Rd2+ 54. Kg1 Rd7 55. Be8 Rd5 56. Rb3+ Kd4 57. Kf2 Rf5+ 58. Kg2 Rc5 59.
Rf3 Rc2+ 60. Kf1 g5 61. Rf7 Rc3 62. Rf5 Rg3 63. Bd7 Ke4 64. Rb5 Bc3 65. Ke2 Kd4
66. Rb7 Re3+ 67. Kd1 Re7 68. Rxa7 Kc5 69. Rb7 Kd6 70. Bc8 Re1+ 71. Kc2 Bb4 72.
Rb5 Re3 73. Bg4 Kc6 74. Rb8 Bd6 75. Ra8 Bc7 76. Kb2 Kb5 77. Rf8 Bf4 78. Rf7 Kc6
79. Rf6+ Kc5 80. Rf5+ Kb4 81. Rd5 Be5+ 82. Kc2 Rc3+ 83. Kb1 Rb3+ 84. Kc2 Rc3+
85. Kb1 Bf4 86. Kb2 Bc1+ 87. Kb1 Be3 88. Kb2 Rb3+ 89. Ka2 a4 90. Be6 Rc3 91.
Bf5 Bc5 92. Rd2 Ra3+ 93. Kb2 Rb3+ 94. Ka2 Re3 95. Rb2+ Kc4 96. Rc2+ Kd5 97.
Rd2+ Bd4 98. Rd1 Ke5 99. Bg4 Bc5 100. Rd2 Rg3 101. Bd7 a3 102. Bc8 Rc3 103. Bg4
Kf4 104. Re2 Bd4 105. Bd7 Rg3 106. Rd2 Bb2 107. Rf2+ Ke3 108. Rf1 Ke2 109. Bb5+
Kd2 110. Bd7 Rg2 111. Kb3 Ke3 1/2-1/2

[Event "OLNW 1718 SF Hannover - SC Tempo Götti"]
[Site "?"]
[Date "2018.02.04"]
[Round "6.6"]
[White "Edel, Thomas"]
[Black "Markgraf, Stefan"]
[Result "1-0"]
[WhiteElo "2099"]
[BlackElo "2080"]
[PlyCount "127"]
[EventDate "2018.??.??"]

1. d4 Nf6 2. Nf3 e6 3. e3 b6 4. Bd3 Bb7 5. O-O d5 6. b3 Bd6 7. Bb2 O-O 8. Nbd2
c5 9. Ne5 Ne4 10. c4 Nxd2 11. Qxd2 Bxe5 12. dxe5 dxc4 13. bxc4 Nc6 14. Qe2 Qc7
15. f4 Rad8 16. Rad1 Rd7 17. Bb1 Rfd8 18. Qc2 g6 19. Rd6 Kf8 20. Qc3 Ke8 21.
Bc2 Rxd6 22. exd6 Qxd6 23. Rd1 Qf8 24. Rxd8+ Kxd8 25. Qf6+ Kc8 26. Ba4 Nd8 27.
Be5 Bc6 28. Bb5 Bxb5 29. cxb5 Qe8 30. a4 Qd7 31. h3 Qe8 32. Kh2 h5 33. Kg3 Kb7
34. Bd6 a6 35. Be7 axb5 36. axb5 Kc8 37. Bxd8 Qxd8 38. Qxf7 Qd7 39. Qxg6 c4 40.
Qe4 Qd5 41. Kf3 h4 42. Qxd5 exd5 43. Ke2 Kd7 44. Kd2 Kd6 45. Kc3 Kc5 46. f5 Kd6
47. Kd4 Ke7 48. e4 dxe4 49. Kxe4 Kf6 50. Kd4 Kxf5 51. Kxc4 Ke4 52. Kc3 Kd5 53.
Kd3 Kc5 54. g4 hxg3 55. Ke3 Kxb5 56. h4 g2 57. Kf2 Kc4 58. h5 b5 59. h6 b4 60.
h7 Kc3 61. h8=Q+ Kc2 62. Qh7+ Kb2 63. Qg7+ Ka2 64. Qa7+ 1-0

[Event "OLNW 1718 SF Hannover - SC Tempo Götti"]
[Site "?"]
[Date "2018.02.04"]
[Round "6.7"]
[White "Petzold, Lutz Lukas"]
[Black "Liebau, Andreas"]
[Result "1-0"]
[WhiteElo "2238"]
[BlackElo "2220"]
[PlyCount "31"]
[EventDate "2018.??.??"]

1. e4 d6 2. d4 Nf6 3. Nc3 e5 4. Nf3 Nbd7 5. Bc4 Be7 6. O-O c6 7. Bb3 h6 8. a4
a5 9. Re1 Qc7 10. Nh4 exd4 11. Qxd4 Nc5 12. Ba2 Be6 13. Nf5 Bxf5 14. exf5 O-O
15. Bf4 Rad8 16. Qxc5 1-0

[Event "OLNW 1718 SF Hannover - SC Tempo Götti"]
[Site "?"]
[Date "2018.02.04"]
[Round "6.8"]
[White "Herrmann, Andreas"]
[Black "Karwatt, Lothar"]
[Result "1-0"]
[WhiteElo "2132"]
[BlackElo "2091"]
[PlyCount "85"]
[EventDate "2018.??.??"]

1. d4 Nf6 2. Bg5 g6 3. Bxf6 exf6 4. e3 Bg7 5. Nf3 d6 6. Nbd2 O-O 7. c4 Nd7 8.
Qc2 Re8 9. Bd3 f5 10. O-O Nf6 11. Rac1 c6 12. b4 Bd7 13. a4 b6 14. c5 bxc5 15.
dxc5 dxc5 16. Qxc5 Ne4 17. Bxe4 fxe4 18. Nd4 Bf8 19. Qc3 Rb8 20. Rb1 Qg5 21.
Ne2 c5 22. b5 Bd6 23. Ng3 f5 24. Rfd1 Qe7 25. Nc4 Bc7 26. Rb2 Rbd8 27. Rdb1 Be6
28. Nf1 Rd3 29. Qc2 Red8 30. a5 Qf6 31. b6 axb6 32. axb6 Bb8 33. Rc1 Bd5 34.
Rb5 Qc6 35. Qa4 Rc8 36. Nb2 Ra3 37. Rbxc5 Rxa4 38. Nxa4 Qxa4 39. Rxc8+ Kg7 40.
Rxb8 Qa2 41. h4 h6 42. b7 Bxb7 43. Rxb7+ 1-0

[Event "OLNW 1718 SV Werder Bremen III - Bremer"]
[Site "?"]
[Date "2018.02.04"]
[Round "6.1"]
[White "Zeitlein, Michael"]
[Black "Kardoeus, David"]
[Result "1-0"]
[WhiteElo "2343"]
[BlackElo "2196"]
[PlyCount "49"]
[EventDate "2018.??.??"]

1. d4 Nf6 2. Nf3 g6 3. c4 Bg7 4. Nc3 O-O 5. Bg5 d6 6. e3 c5 7. Be2 Qa5 8. O-O
Bf5 9. Qb3 Nbd7 10. Rfd1 h6 11. Bh4 g5 12. Bg3 Ne4 13. Nxe4 Bxe4 14. h4 f5 15.
hxg5 cxd4 16. c5+ d5 17. exd4 f4 18. Bh4 e5 19. gxh6 Bxh6 20. Qxb7 Nf6 21. Bxf6
Rab8 22. Qc6 Rxb2 23. Bxe5 Bg7 24. Qe6+ Rf7 25. Ng5 1-0

[Event "OLNW 1718 SV Werder Bremen III - Bremer"]
[Site "?"]
[Date "2018.02.04"]
[Round "6.2"]
[White "Lai Hop, Duong"]
[Black "Borik, Otto"]
[Result "0-1"]
[WhiteElo "2189"]
[BlackElo "2351"]
[PlyCount "72"]
[EventDate "2018.??.??"]

1. d4 Nf6 2. Nf3 c5 3. c3 d5 4. Bf4 Qb6 5. Qb3 c4 6. Qc2 Nc6 7. Nbd2 Nh5 8. Bg5
h6 9. Be3 Qc7 10. b3 cxb3 11. axb3 g6 12. g3 Bg7 13. Bg2 O-O 14. O-O Bf5 15.
Qb2 g5 16. Rfc1 Rad8 17. b4 Nf6 18. b5 Na5 19. Ne5 Ng4 20. Nxg4 Bxg4 21. Qa2 b6
22. Bxd5 Bxe2 23. Nb3 Rxd5 24. Nxa5 Bf3 25. Nc6 Rxb5 26. c4 Qd7 27. Kf1 Bxc6
28. cxb5 Qh3+ 29. Ke1 Bxb5 30. Kd2 Qf5 31. Qb3 a6 32. Qc2 Qd5 33. Rd1 e5 34.
Kc1 exd4 35. Ra3 Qf3 36. Rb3 Ba4 0-1

[Event "OLNW 1718 SV Werder Bremen III - Bremer"]
[Site "?"]
[Date "2018.02.04"]
[Round "6.3"]
[White "Hundack, Rolf"]
[Black "Elmali, Timur"]
[Result "0-1"]
[WhiteElo "2094"]
[BlackElo "2116"]
[PlyCount "88"]
[EventDate "2018.??.??"]

1. c4 e5 2. Nc3 d6 3. g3 f5 4. Bg2 Nf6 5. d4 Nc6 6. Nf3 Be7 7. O-O O-O 8. Nd5
Kh8 9. Rb1 f4 10. b4 Bf5 11. Rb3 fxg3 12. hxg3 Nxd5 13. cxd5 Nxd4 14. Nxd4 exd4
15. Qxd4 Qd7 16. Qc4 Bf6 17. Bb2 Rae8 18. Rc1 Bxb2 19. Rxb2 Rf7 20. b5 h6 21.
Qd4 b6 22. Rc3 Rfe7 23. e3 Re5 24. Ra3 Be4 25. Bxe4 Rxe4 26. Qd1 Qh3 27. Qf1
Qh5 28. Rxa7 Qxd5 29. Rxc7 R4e5 30. Rc1 Rh5 31. Qg2 Qd3 32. Rbc2 d5 33. a4 Re4
34. Qf3 Rg5 35. Rc8+ Kh7 36. Qf7 Rxe3 37. Qg8+ Kg6 38. R8c6+ Kh5 39. Qf7+ g6
40. Kh2 Rexg3 41. Qe6 Rg2+ 42. Kh1 Qf3 43. Qe3 Rg1+ 44. Kh2 Qg2# 0-1

[Event "OLNW 1718 SV Werder Bremen III - Bremer"]
[Site "?"]
[Date "2018.02.04"]
[Round "6.4"]
[White "Krallmann, Matthias"]
[Black "Issing, Peter"]
[Result "1/2-1/2"]
[WhiteElo "2134"]
[BlackElo "2178"]
[PlyCount "85"]
[EventDate "2018.??.??"]

1. d4 Nf6 2. c4 e6 3. Nf3 Bb4+ 4. Bd2 c5 5. g3 b6 6. Bg2 Bb7 7. O-O Bxd2 8.
Qxd2 O-O 9. Nc3 Qe7 10. d5 exd5 11. Nh4 Rd8 12. Nxd5 Bxd5 13. Bxd5 Nxd5 14.
Qxd5 Nc6 15. Qd2 Qe6 16. Ng2 Qxc4 17. Ne3 Qd4 18. Rad1 Qxd2 19. Rxd2 Kf8 20.
Rfd1 Ke8 21. Nf5 g6 22. Nd6+ Kf8 23. Nb7 Rdb8 24. Rxd7 Ne5 25. Rc7 Rc8 26.
Rxc8+ Rxc8 27. f4 Rc7 28. Nd6 Nc6 29. Nb5 Re7 30. Kf2 a6 31. Nc3 Nd4 32. e3 Nf5
33. Rd8+ Kg7 34. Nd5 Rb7 35. g4 Ne7 36. Nxe7 Rxe7 37. Rd6 Re6 38. Rxe6 fxe6 39.
Kf3 Kf6 40. Ke4 b5 41. b3 g5 42. h3 h6 43. a3 1/2-1/2

[Event "OLNW 1718 SV Werder Bremen III - Bremer"]
[Site "?"]
[Date "2018.02.04"]
[Round "6.5"]
[White "Juhnke, Karl"]
[Black "Brinkmann, Fabian"]
[Result "0-1"]
[WhiteElo "2140"]
[BlackElo "2106"]
[PlyCount "58"]
[EventDate "2018.??.??"]

1. d4 d5 2. c4 c6 3. Nf3 Nf6 4. e3 e6 5. Nbd2 Nbd7 6. Bd3 dxc4 7. Nxc4 b5 8.
Nce5 Bb7 9. O-O a6 10. Nxd7 Nxd7 11. e4 Be7 12. Qe2 c5 13. dxc5 Nxc5 14. Bc2
O-O 15. Bf4 b4 16. Rfd1 Qb6 17. Nd2 Rac8 18. Nc4 Qb5 19. b3 Rfd8 20. Qe3 Ba8
21. Bd6 Qe8 22. e5 f5 23. f3 Na4 24. Qa7 Rd7 25. Qxa6 Nc3 26. Rd3 Bd5 27. Bxe7
Rxe7 28. Rd2 Rc6 29. Qa5 Qb8 0-1

[Event "OLNW 1718 SV Werder Bremen III - Bremer"]
[Site "?"]
[Date "2018.02.04"]
[Round "6.6"]
[White "Pollmann, Sascha"]
[Black "Krajina, Davor"]
[Result "1/2-1/2"]
[WhiteElo "2112"]
[BlackElo "2251"]
[PlyCount "69"]
[EventDate "2018.??.??"]

1. Nf3 d5 2. g3 Nf6 3. Bg2 c6 4. c4 Bf5 5. Qb3 Qb6 6. d3 e6 7. Be3 Qb4+ 8. Nbd2
h6 9. O-O Nbd7 10. Qc2 Be7 11. a3 Qd6 12. cxd5 cxd5 13. Nd4 O-O 14. Nxf5 exf5
15. b4 Rac8 16. Qb2 Ng4 17. Bd4 Bf6 18. Bxf6 Ngxf6 19. Rac1 f4 20. Qd4 fxg3 21.
hxg3 Qb6 22. Nb3 Rfe8 23. Qxb6 Nxb6 24. e3 Na4 25. Bh3 Rc3 26. Rxc3 Nxc3 27.
Nd4 Re7 28. Rc1 Rc7 29. Kf1 Kf8 30. Ke1 g6 31. Ne2 Nb5 32. Rxc7 Nxc7 33. Kd2
Nfe8 34. Bg2 Ke7 35. a4 1/2-1/2

[Event "OLNW 1718 SV Werder Bremen III - Bremer"]
[Site "?"]
[Date "2018.02.04"]
[Round "6.7"]
[White "Giel, Olaf"]
[Black "Franke, Reiner"]
[Result "1/2-1/2"]
[WhiteElo "2157"]
[BlackElo "2279"]
[PlyCount "55"]
[EventDate "2018.??.??"]

1. d4 d5 2. Nf3 Nf6 3. e3 e6 4. Bd3 b6 5. c3 Bb7 6. Nbd2 Bd6 7. Qc2 Nbd7 8. e4
e5 9. O-O O-O 10. dxe5 Nxe5 11. Nxe5 Bxe5 12. f4 dxe4 13. Nxe4 Bd6 14. Nxf6+
Qxf6 15. Bxh7+ Kh8 16. Be4 Bc5+ 17. Kh1 Bxe4 18. Qxe4 Rfe8 19. Qf3 Qf5 20. b4
Be7 21. Be3 Bf6 22. Rad1 Rad8 23. Rxd8 Rxd8 24. Rd1 Rxd1+ 25. Qxd1 Bxc3 26.
Qd8+ Kh7 27. Qh4+ Kg8 28. Qd8+ 1/2-1/2

[Event "OLNW 1718 SV Werder Bremen III - Bremer"]
[Site "?"]
[Date "2018.02.04"]
[Round "6.8"]
[White "Heldt, Nils-Lennart"]
[Black "Peters, Frank"]
[Result "1-0"]
[WhiteElo "2016"]
[BlackElo "2098"]
[PlyCount "85"]
[EventDate "2018.??.??"]

1. d4 d6 2. Nf3 g6 3. c4 Bg7 4. Nc3 a6 5. e4 Nc6 6. Be2 Nf6 7. O-O O-O 8. d5
Na7 9. a4 c5 10. a5 Bd7 11. Ne1 b5 12. axb6 Qxb6 13. Nd3 e5 14. f4 exf4 15.
Bxf4 Nc8 16. e5 Ne8 17. Be3 Bxe5 18. Nxe5 dxe5 19. Ne4 Ncd6 20. Nxc5 Ne4 21. b4
Nc3 22. Qd3 Nxe2+ 23. Qxe2 Qc7 24. Bh6 Ng7 25. Nxd7 Qxd7 26. Qxe5 f6 27. Rxf6
Rfe8 28. Qd4 Nf5 29. Rxf5 gxf5 30. Ra3 Re4 31. Rg3+ Rg4 32. Rxg4+ fxg4 33. c5
g3 34. hxg3 Re8 35. c6 Qf7 36. Qg4+ Kh8 37. Qd4+ Kg8 38. Qg4+ Kh8 39. d6 Re1+
40. Kh2 Re5 41. Qg7+ Qxg7 42. Bxg7+ Kxg7 43. c7 1-0

[Event "OLNW 1718 Hamelner SV - HSK Lister Turm"]
[Site "?"]
[Date "2018.02.04"]
[Round "6.1"]
[White "Hoffmann, Lukas"]
[Black "Bode, Wilfried"]
[Result "0-1"]
[WhiteElo "2252"]
[BlackElo "2345"]
[PlyCount "62"]
[EventDate "2018.??.??"]

1. e4 e6 2. d4 d5 3. Nc3 Nf6 4. e5 Nfd7 5. f4 c5 6. Nf3 Nc6 7. Be3 Be7 8. Qd2
b6 9. O-O-O c4 10. Bxc4 dxc4 11. d5 exd5 12. Qxd5 Bb7 13. e6 Nf6 14. Qxc4 Qc8
15. exf7+ Kf8 16. Ng5 Nd8 17. Rxd8+ Bxd8 18. Ne6+ Ke7 19. Bc5+ bxc5 20. Re1
Kxf7 21. Nxd8+ Kg6 22. Nf7 Rf8 23. Nd6 Ba6 24. f5+ Qxf5 25. Qxa6 Qf4+ 26. Kb1
c4 27. Nce4 Rae8 28. a4 Re5 29. g3 Qf5 30. Qxc4 Rfe8 31. Rf1 Nxe4 0-1

[Event "OLNW 1718 Hamelner SV - HSK Lister Turm"]
[Site "?"]
[Date "2018.02.04"]
[Round "6.2"]
[White "Tonndorf, Matthias"]
[Black "Buchenau, Frank"]
[Result "1-0"]
[WhiteElo "2287"]
[BlackElo "2271"]
[PlyCount "75"]
[EventDate "2018.??.??"]

1. d4 e6 2. e4 d5 3. Nc3 Nf6 4. Bg5 dxe4 5. Nxe4 Be7 6. Bxf6 gxf6 7. Nf3 f5 8.
Nc3 a6 9. g3 b5 10. Bg2 Bb7 11. O-O O-O 12. Qe2 c5 13. Rad1 cxd4 14. Nxd4 Qc7
15. Nxe6 fxe6 16. Qxe6+ Kh8 17. Nd5 Bxd5 18. Rxd5 Rf6 19. Qe2 Nc6 20. Rfd1 Rd8
21. Qh5 Rxd5 22. Rxd5 f4 23. Be4 Bf8 24. Rf5 Kg7 25. Rxf6 Kxf6 26. Qf5+ Ke7 27.
Qxh7+ Kd6 28. Qg8 Bg7 29. Qd5+ Ke7 30. Qxc6 Qxc6 31. Bxc6 fxg3 32. hxg3 Bxb2
33. f4 Kd6 34. Bb7 a5 35. Kg2 Kc5 36. Kf3 Kd4 37. Ba6 b4 38. Bb5 1-0

[Event "OLNW 1718 Hamelner SV - HSK Lister Turm"]
[Site "?"]
[Date "2018.02.04"]
[Round "6.3"]
[White "Petkidis, Anthony"]
[Black "van Son, Lutz"]
[Result "1-0"]
[WhiteElo "2308"]
[BlackElo "2170"]
[PlyCount "79"]
[EventDate "2018.??.??"]

1. e4 c5 2. Nf3 Nc6 3. d4 cxd4 4. Nxd4 Nf6 5. Nc3 e5 6. Ndb5 d6 7. Bg5 a6 8.
Na3 b5 9. Nd5 Be7 10. Bxf6 Bxf6 11. c4 b4 12. Nc2 a5 13. Qf3 Bg5 14. h4 Bxh4
15. Rxh4 Qxh4 16. Nc7+ Ke7 17. Nxa8 Bg4 18. Ne3 Bxf3 19. Nf5+ Kf6 20. Nxh4 Bxe4
21. Nb6 Nd4 22. Rd1 g5 23. Nf3 Bxf3 24. gxf3 Nxf3+ 25. Ke2 Nd4+ 26. Ke3 Ke6 27.
Nd5 Rc8 28. Bd3 h5 29. f4 gxf4+ 30. Nxf4+ Ke7 31. Nd5+ Ke6 32. Rf1 f5 33. Rg1
Kf7 34. Rg5 f4+ 35. Nxf4 Nc2+ 36. Bxc2 exf4+ 37. Kd4 Rh8 38. Bg6+ Kf6 39. Rxh5
Rg8 40. Be4 1-0

[Event "OLNW 1718 Hamelner SV - HSK Lister Turm"]
[Site "?"]
[Date "2018.02.04"]
[Round "6.4"]
[White "Renner, Kai"]
[Black "Hoerstmann, Martin"]
[Result "1/2-1/2"]
[WhiteElo "2158"]
[BlackElo "2251"]
[PlyCount "38"]
[EventDate "2018.??.??"]

1. e4 g6 2. d4 Bg7 3. Nc3 d6 4. f4 Nf6 5. Nf3 O-O 6. Bd3 Nc6 7. e5 dxe5 8. dxe5
Nd5 9. Nxd5 Qxd5 10. Qe2 Bg4 11. Be4 Qa5+ 12. Bd2 Qb6 13. Bc3 f6 14. Qc4+ Kh8
15. Bxc6 bxc6 16. Bd4 Qa5+ 17. Bc3 Qb6 18. Bd4 Qa5+ 19. Bc3 Qb6 1/2-1/2